00946cam a22002771a 4500001001300000003000400013005001700017008004100034010001700075035001900092040004400111050002200155070002100177072000900198072000900207100002600216245007400242260005800316300002800374490007600402650002900478650003000507700003600537830007800573999001700651agr52000532 DLC20260227111017.0800121s1952 dcua f000 0 eng  aagr52000532  a(OCoLC)5895484 aDLCcWMaPI-RLdWMaPI-RLdDNALdDLCdWaU00aS21b.A6 no. 20500 a1bAg84F no.2050 0aL830 0aL8201 aGorham, J. R.,d1922-10aDiseases and parasites of minks /cby J.R. Gorham and H.J. Griffiths. aWashington, D.C. :bU.S. Dept. of Agriculture,c1952. a41 p. :bill. ;c23 cm.1 aFarmers' bulletin / United States Department of Agriculture ;vno. 2050 0aAmerican minkxDiseases. 0aAmerican minkxParasites.1 aGriffiths, Henry Joseph,d1910- 0aFarmers' bulletin (United States. Department of Agriculture) ;vno. 2050. c11478d11478